AH International Schools' Libraries

The Iliad / (Record no. 48429)

MARC details
000 -LEADER
fixed length control field 00859nam a2200229 4500
020 ## - INTERNATIONAL STANDARD BOOK NUMBER
International Standard Book Number 9781454906124
040 ## - CATALOGING SOURCE
Original cataloging agency DLC
Language of cataloging eng
Transcribing agency DLC
Description conventions rda
Modifying agency DLC
042 ## - AUTHENTICATION CODE
Authentication code pcc
050 00 - LIBRARY OF CONGRESS CALL NUMBER
Classification number BL820.A22
Item number O46 2014
082 00 - DEWEY DECIMAL CLASSIFICATION NUMBER
Classification number 808.8/0351
Edition number 23
100 ## - MAIN ENTRY--PERSONAL NAME
Personal name Homer,
Relator term author.
245 14 - TITLE STATEMENT
Title The Iliad /
Statement of responsibility, etc retold from the Homer original by Kathleen Olmstead ; illustrated by Eric Freeberg.
260 ## - PUBLICATION, DISTRIBUTION, ETC. (IMPRINT)
Place of publication, distribution, etc New York:
Name of publisher, distributor, etc Sterling Children's Books,
Date of publication, distribution, etc 2014.
300 ## - PHYSICAL DESCRIPTION
Extent 150 pages :
Other physical details illustrations ;
Dimensions 20 cm.
490 0# - SERIES STATEMENT
Series statement Classic starts
600 ## - SUBJECT ADDED ENTRY--PERSONAL NAME
Personal name Achilles
Titles and other words associated with a name (Mythological character)
Form subdivision Juvenile literature.
9 (RLIN) 86056
650 #0 - SUBJECT ADDED ENTRY--TOPICAL TERM
Topical term or geographic name as entry element Trojan War
Form subdivision Juvenile literature.
9 (RLIN) 86037
700 ## - ADDED ENTRY--PERSONAL NAME
Personal name Freeberg, Eric,
Relator term illustrator.
9 (RLIN) 86034
700 0# - ADDED ENTRY--PERSONAL NAME
Personal name Homer.
Title of a work Iliad.
9 (RLIN) 86057
942 ## - ADDED ENTRY ELEMENTS (KOHA)
Source of classification or shelving scheme
Koha item type Book
Holdings
Withdrawn status Lost status Source of classification or shelving scheme Damaged status Not for loan Home library Current library Date acquired Total Checkouts Full call number Barcode Date last seen Price effective from Koha item type
          Logos International School Logos International School 02/11/2025   J FIC HOM 040370 02/20/2025 02/11/2025 Book

For any Logos Library related questions please contact Miss Art at swongnarasuk@asianhope.org.

For any Asian Hope Library related questions please contact Miss Raza at graza@asianhope.org.

Powered by Koha